Quiz de opción múltiple – Gerona - Estadísticas

Estadísticas generales
  • Esta prueba ha sido intentada 19 veces
  • La puntuación promedio es 7 de 10
Estadísticas de respuestas
Pregunta Respuesta % Correcto
¿Qué famosa serie de televisión utilizó Girona como lugar de rodaje? Game of Thrones
100%
¿Qué famoso político fue alcalde de Girona entre 2011 y 2016? Carles Puigdemont
94%
¿Cuál es el nombre catalán de la ciudad? Girona
89%
¿Cuál es el tema del festival que se celebra cada año en mayo en Girona desde 1954? Flores
83%
¿Qué río atraviesa Girona? Ter
83%
¿Qué estás comiendo si estás probando un xuixo? Un bollo cilíndrico recubierto de azúcar y relleno de crema
78%
¿Cómo se llama el barrio judío histórico de Girona? El Call
72%
¿Cuáles de estas murallas son las de Girona?
50%
¿Qué monarca europeo conquistó la ciudad de Girona en el año 785? Carlomagno
44%
¿Por qué se conoce al santo patrón de Girona como "el santo de las moscas"? Las moscas habrían ahuyentado a los invasores después de que sus reliquias fueran perturbadas.
44%
No se encontraron pruebas coincidentes
Distribución de puntuación
Porcentaje de gente con cada puntuación
Porcentaje por número respondido
Historial de tus puntuaciones
No has intentado esta prueba.